Statistiques concernant Géographie par image - N

Cliquez ici pour prendre le quiz!

Statistiques générales

  • Ce quiz a été pris 10 509 fois
    (10 354 depuis la dernière actualisation)
  • Le résultat moyen est 11 sur 18

Statistiques - réponses

Réponse% Correct
Chutes du {Niagara}
95%
Naples
91%
Nil
90%
Népal
88%
Normandie
85%
Mer {Noire}
80%
Norvège
72%
Nice
68%
Niger
67%
Nairobi
61%
Namib
56%
Nauru
52%
Nouakchott
40%
Nicaragua
39%
{Nouvelle}-{Guinée}
35%
{Nouvelle}-{Écosse}
34%
Nanterre
31%
{Nottingham}shire
17%

Distribution des résultats

Percentile par nombre de réponses

% des personnes avec chaque résultat

Votre développement - résultats

Vous n’avez pas pris ce quiz depuis la dernière actualisation